| 000 | 00385pab a2200145 454500 | ||
|---|---|---|---|
| 008 | 180718b2003 xxu||||| |||| 00| 0 eng d | ||
| 100 | _aBegley, Thomas M. | ||
| 245 | _aOrganizing U.s. business practices to manage culture clash | ||
| 260 | _c2003 | ||
| 300 | _ap.357-71. | ||
| 650 | _aWork culture | ||
| 700 | _aBoyd, David P. | ||
| 773 | _aOrganizational Dynamics | ||
| 909 | _a58770 | ||
| 999 |
_c58770 _d58770 |
||